Relaciones públicas: función política en la empresa y en la institución pública

Saved in:
Bibliographic Details
Main Author: Simoes, Roberto Porto (Author)
Format: Book
Language:Spanish
Published: Barcelona Consejo Superior de Comunicación y Relaciones Pública 1993
Edition:3a. ed
Subjects:
Tags: Add Tag
No Tags, Be the first to tag this record!

MARC

LEADER 00000nam a2200000 a 4500
001 UCP1491
003 CL-VaPUC
008 990416e19930000SP |||||||||||||||||spa|d
020 |a 8460480267 
082 0 4 |a 659.2  |b SIM  |2 21 
100 0 |a Simoes, Roberto Porto  |e author  |9 427554 
245 1 0 |a Relaciones públicas: función política en la empresa y en la institución pública 
250 |a 3a. ed 
300 |a 221 p 
942 |c BK 
945 |d 19990416 00:00:00  |a rbrito 
260 |a Barcelona  |b Consejo Superior de Comunicación y Relaciones Pública  |c 1993 
650 0 |a Relaciones públicas  |9 331772 
650 0 |a Ética  |9 255099 
650 0 |a Estética   |9 264950 
583 |a last modification  |c 20150714 01:59:34  |k Rodrigo Vera 
999 |c 280163  |d 280161 
952 |0 0  |1 0  |4 0  |6 659_200000000000000_SIM_1993  |7 0  |8 A  |9 320336  |a BIBCUR  |b BIBCUR  |d 2019-11-20  |i 3517004  |o 659.2 SIM 1993  |p 3517004  |r 2025-04-22  |w 2019-11-20  |y BK  |k PER 
952 |0 0  |1 0  |4 0  |6 659_200000000000000_SIM_1993  |7 0  |8 A  |9 320337  |a BIBCUR  |b BIBCUR  |d 2019-11-20  |i 3567931  |o 659.2 SIM 1993  |p 3567931  |r 2025-04-22  |w 2019-11-20  |y BK  |k PER 
952 |0 0  |1 0  |4 0  |6 659_200000000000000_SIM_1993  |7 0  |8 A  |9 320338  |a BIBCUR  |b BIBCUR  |d 2019-11-20  |i 4562216  |o 659.2 SIM 1993  |p 4562216  |r 2025-04-22  |w 2019-11-20  |y BK  |k PER